000 00326nam a22001217a 4500
008 160422b xxu||||| |||| 00| 0 eng d
020 _a9780721671505
020 _a0721671500
041 _aeng
080 _a618.2
245 _aPharmacology nursing care:
_cLinda A. Moore; Leanna J. Crosby; Diane B. Hamilton;
942 _2udc
_cBK
999 _c1517
_d1517